Economics of capital utilisation: a report on multiple-shift work (Record no. 373077)

000 -LEADER
fixed length control field 00382cam a22001217a 4500
008 - FIXED-LENGTH DATA ELEMENTS--GENERAL INFORMATION
fixed length control field 180718b1964 xxu||||| |||| 00| 0 eng d
082 ## - DEWEY DECIMAL CLASSIFICATION NUMBER
Classification number R61x42 M349
100 ## - MAIN ENTRY--PERSONAL NAME
Personal name Marris, Robin
245 ## - TITLE STATEMENT
Title Economics of capital utilisation: a report on multiple-shift work
Statement of responsibility, etc. by Robin Marris
260 ## - PUBLICATION, DISTRIBUTION, ETC.
Place of publication, distribution, etc. London
Name of publisher, distributor, etc. Cambridge University Press
Date of publication, distribution, etc. 1964
300 ## - PHYSICAL DESCRIPTION
Extent 267p.
650 ## - SUBJECT ADDED ENTRY--TOPICAL TERM
Topical term or geographic name entry element Hours of Labour - UK
Holdings
Withdrawn status Lost status Damaged status Not for loan Permanent Location Current Location Date acquired Full call number Barcode Date last seen Price effective from Koha item type
        Indian Institute of Public Administration Indian Institute of Public Administration 1994-06-18 R61x42 M349 35266 2018-07-21 2018-07-21 Book

Powered by Koha